| 000 -LEADER |
| fixed length control field |
00748cam a2200205 i 4500 |
| 001 - CONTROL NUMBER |
| control field |
18890745 |
| 005 - DATE AND TIME OF LATEST TRANSACTION |
| control field |
20221108165208.0 |
| 008 - FIXED-LENGTH DATA ELEMENTS--GENERAL INFORMATION |
| fixed length control field |
151210s2017 cau b 001 0 eng |
| 020 ## - INTERNATIONAL STANDARD BOOK NUMBER |
| International Standard Book Number |
9781483376257 X |
| 041 ## - LANGUAGE CODE |
| Language code of text/sound track or separate title |
eng |
| 080 ## - UNIVERSAL DECIMAL CLASSIFICATION NUMBER |
| Universal Decimal Classification number |
811.111+808.2+003.028 G-64 |
| 100 1# - MAIN ENTRY--PERSONAL NAME |
| Personal name |
Goodson, Patricia |
| Dates associated with a name |
|
| 9 (RLIN) |
12536 |
| 245 10 - TITLE STATEMENT |
| Title |
Becoming an academic writer : |
| Remainder of title |
50 exercises for paced, productive, and powerful writing / |
| Statement of responsibility, etc. |
Patricia Goodson, Texas A&M University. |
| 250 ## - EDITION STATEMENT |
| Edition statement |
Second edition. |
| 264 #1 - PRODUCTION, PUBLICATION, DISTRIBUTION, MANUFACTURE, AND COPYRIGHT NOTICE |
| Place of production, publication, distribution, manufacture |
Los Angeles : |
| Name of producer, publisher, distributor, manufacturer |
SAGE, |
| Date of production, publication, distribution, manufacture, or copyright notice |
2017. |
| 300 ## - PHYSICAL DESCRIPTION |
| Extent |
266 pages ; |
| Dimensions |
23 cm. |
| 653 ## - INDEX TERM--UNCONTROLLED |
| keyword |
როგორ გავხდეთ აკადემიური მწერალი |
| 653 ## - INDEX TERM--UNCONTROLLED |
| keyword |
აკადემიური წერა |
| 942 ## - ADDED ENTRY ELEMENTS (KOHA) |
| Source of classification or shelving scheme |
|
| Koha item type |
წიგნი |